MACO : (matemáticas con ordenador) /

Guardado en:
Autor Principal: Roanes Macías, E
Otros Autores: Roanes Lozano, E.
Formato: Libro
Idioma:Spanish
Publicado: Madrid : Síntesis, 1988.
Etiquetas: Agregar Etiqueta
Sin Etiquetas, Sea el primero en etiquetar este registro!
LEADER 00903nam a22001935a 4500
001 MAT.inmabb006598
008 120803s1988####sp#a#####b####000#0#spa#d
005 20120803180839.0
245 1 0 |a MACO :  |b (matemáticas con ordenador) /  |c E. Roanes Macías, E. Roanes Lozano. 
260 |a Madrid :  |b Síntesis,  |c 1988. 
300 |a 367 p. :  |b il. ;  |c 25 cm. 
500 |a "Para profesores y estudiantes de primaria, bachillerato, formación profesional y universidad"--Cubierta. 
500 |a "Incluye un disquete, para ordenador IBM o compatible, con más de 100 programas matemáticos en Logo (LCSI o ACTI-LOGO), cuyo uso no precisa conocimientos informáticos previos"--Cubierta. 
504 |a Incluye referencias bibliográficas (p. 367). 
020 |a 8477380503 
100 1 |a Roanes Macías, E  |q (Eugenio) 
700 1 |a Roanes Lozano, E.  |q (Eugenio) 
084 |a 97U70  |2 msc2000 
859 |h 97  |i R628  |p A-7338  |b BIB. MATEMATICA